000 00595nam a2200229Ia 4500
003 OSt
005 20221007072501.0
006 a|||||r|||| 00| 0
007 ta
008 221006b |||||||| |||| 00| 0 eng d
024 _a19,928
037 _cTextual
040 _aFLL
_cFLL
_beng
041 _2eng
_aeng
082 _aV3:2:9Z, L1
100 _aJennings Ivor Au.
245 0 _aLaw and the constitution
260 _aLondon
_bSweet & Maxwell England
_c1976
300 _a354p
_ccm.
942 _hV3:2:9Z, L1
_cTEXL
_2CC
999 _c1146214
_d1146214